Evaluation of automotive component development processes in the selected company

Gespeichert in:
Bibliographische Detailangaben
1. Verfasser: Slovák, Peter (Verfasst von)
Weitere Verfasser: Ďuďáková, Klára (Betreuung Doktorarbeit)
Format: Manuskript Buch
Sprache:Slowakisch
Englisch
Veröffentlicht: Bratislava : STU v Bratislave FEI, 2023
Schlagworte:
Online-Zugang:https://opac.crzp.sk/?fn=detailBiblioFormChildASPC9&sid=72C4190EA10FC8F71DD202D508EF&seo=CRZP-detail-kniha
Tags: Tag hinzufügen
Keine Tags, Fügen Sie das erste Tag hinzu!

MARC

LEADER 00000ntm a22000003a 4500
001 stuzp92917
003 SK-STU
005 20241205152858.9
007 ta
008 150427s2015----xo-----f-mn---000-0-slo-d
040 |a STU  |b slo 
041 0 |a eng 
044 |a xo 
100 1 |a Slovák, Peter  |u 030400  |4 aut  |U FEI Fakulta elektrotechniky a informatiky  |T FEI Ústav automobilovej mechatroniky  |X 92455  |U E400  |Y 642  |7 92455 
242 0 1 |a Hodnotenie procesov vývoja automobilových komponentov vo vybranom podniku  |y slo 
245 1 0 |a Evaluation of automotive component development processes in the selected company 
260 |a Bratislava :  |b STU v Bratislave FEI,  |c 2023 
300 |a 86 s. 
650 4 |a Automotive SPICE  |2 slo 
650 4 |a systémové inžinierstvo  |2 slo 
650 4 |a zlepšovanie procesov  |2 slo 
650 4 |a process improvement  |2 eng 
650 4 |a Automotive SPICE  |2 eng 
650 4 |a systems engineering  |2 eng 
700 1 |a Ďuďáková, Klára  |4 ths  |X 119637  |7 119637 
856 4 |u https://opac.crzp.sk/?fn=detailBiblioFormChildASPC9&sid=72C4190EA10FC8F71DD202D508EF&seo=CRZP-detail-kniha